| LEADER |
00635nam0a2200193 450 |
| 001 |
16847780 |
| 010 |
|
|
|a 978-2-211-34415-9
|b br.
|d 6,5
|
| 100 |
|
|
|a 20250324d2026 u u0frey01 ba
|
| 101 |
0 |
|
|a fre
|
| 102 |
|
|
|a FR
|
| 200 |
0 |
|
|a Maou et Coquillette
|f Clothilde Delacroix
|
| 207 |
|
1 |
|a
|
| 210 |
|
|
|a Paris
|b 11 rue de Sèvres.
|c L'Ecole des Loisirs
|d DL 2025
|
| 215 |
|
|
|a 1 vol. (35 p.)
|c ill. en coul.
|d 19 cm
|
| 225 |
1 |
|
|a Moucheron
|
| 700 |
|
0 |
|a Delacroix
|b Clothilde
|f 1977-....
|4 70
|
| 900 |
|
|
|a Roman enfant
|
| 901 |
|
|
|a Accessible au prêt
|
| 995 |
|
|
|a Bibliothèque
|c Bibliothèque
|f 024026162
|h 024026162
|k E C2 DEL
|o p
|q j
|r az
|e Bibliothèque
|